000 00638nam a2200217 4500
008 b xx# ara u
010 _a39719/20
040 _aLB-BrCRDP
082 _a892.716/A827a
100 1 _a. عشقوتي، راجي
130 0 _lAR
240 _aAdwac
245 1 0 _a. اضواء على الشعر الحديث
_cراجي عشقوتي
250 _aط 4
260 _aبيروت
_bالمطبعة الانطونية
_c1982
300 _a111 ص. ؛
_c20 سم.
650 _aالشعر اللبناني الحديث
700 0 _aRajy Ashkouty
942 _cBK
999 _c14547
_d14547